| 000 | 01370nam a22003857a 4500 | ||
|---|---|---|---|
| 003 | CHAP | ||
| 005 | 20220329143415.0 | ||
| 008 | 090508s1998 es r 00010 spa d | ||
| 010 | _a96139 | ||
| 011 | _a97111 | ||
| 020 | _a8471124408 | ||
| 035 | _a107772 | ||
| 040 | _cCHAP | ||
| 082 | 0 | 4 |
_a372.35 _bP87 |
| 100 | 0 | 0 |
_aPozo Municio, Juan Ignacio. _991199 |
| 245 | 1 | 0 |
_aAprender y enseñar ciencia : _bdel conocimiento cotidiano al conocimiento científico _c/por Juan Ignacio Pozo Municio y Miguel Ángel Gómez Crespo |
| 260 |
_aMadrid : _bMorota, _c1998 |
||
| 300 |
_a331 p. : _bgrafs. |
||
| 490 | _aColección: Pedagogia. Manuales | ||
| 590 |
_aBATCH-UPD _b10 _c20130110 _lUCH01 _h0429 |
||
| 590 |
_aBATCH-UPD _b10 _c20130110 _lUCH01 _h2104 |
||
| 590 |
_aBATCH-UPD _b10 _c20130410 _lUCH01 _h0104 |
||
| 590 |
_aBATCH-UPD _b10 _c20130914 _lUCH01 _h0936 |
||
| 590 |
_aCONVERSION _b10 _c20130109 _lUCH01 _h1353 |
||
| 650 | 1 | 4 |
_aAprendizaje. _96370 |
| 650 | 1 | 4 |
_aAprendizaje _xPsicologia del. _96372 |
| 650 | 1 | 4 |
_aCiencia _xEstudio y enseñanza. _923118 |
| 650 | 1 | 4 |
_aConocimiento, Teoría del. _927232 |
| 650 | 1 | 4 |
_aEstudiantes. _938489 |
| 700 | 1 |
_aGómez Crespo, Miguel Ángel. _949657 |
|
| 830 |
_aColección: Pedagogia. Manuales _925044 |
||
| 901 | _aBK | ||
| 942 | _cLIBRO | ||
| 949 |
_a372.35 P87 _bBC _cLIBRO _d33724002092298 _eLIBRO _gI.c/e _h110378 _i107772 _si _t$535.00 |
||
| 999 |
_c96139 _d96139 |
||